Efektívnosť logistických procesov prebiehajúcich v rámci informačného systému podniku diplomová práca

Gespeichert in:
Bibliographische Detailangaben
1. Verfasser: Ondrušková, Alexandra
Körperschaft: Fakulta podnikového manažmentu EU. Katedra informačného manažmentu
Weitere Verfasser: Černý, Matej, 1982-
Format: Buch
Sprache:Slowakisch
Veröffentlicht: Bratislava 2020
Tags: Tag hinzufügen
Keine Tags, Fügen Sie das erste Tag hinzu!

MARC

LEADER 00000nbm a2200000 4500
001 0266184
005 20201126105826.0
041 0 |a slo 
044 |a SK 
245 1 0 |a Efektívnosť logistických procesov prebiehajúcich v rámci informačného systému podniku  |b diplomová práca  |c Alexandra Ondrušková ; školiteľ: Matej Černý 
264 1 |a Bratislava  |c 2020 
300 |a 68 s. 
100 1 |a Ondrušková, Alexandra 
700 1 |a Černý, Matej, 1982- 
710 2 |a Fakulta podnikového manažmentu EU. Katedra informačného manažmentu